|
|
|
|
| LEADER |
00000nab a2200000 a 4500 |
| 001 |
vtls000112197 |
| 003 |
SK-MaSNL |
| 005 |
20260303182044.0 |
| 008 |
140301c1982 xo 0 cze |
| 015 |
|
|
|a SNBRB19rr/mm-uuuuu
|
| 035 |
|
|
|a CL0122300
|
| 040 |
|
|
|a SNKBUCL
|b slo
|c SNKBUCL
|e AACR2
|
| 041 |
0 |
|
|a cze
|
| 044 |
|
|
|a xo
|c SK
|
| 080 |
|
|
|a 840-1=850
|2 1981
|
| 100 |
1 |
|
|a Apollinaire, Guillaume,
|d 1880-1918
|4 aut
|9 120383
|
| 245 |
1 |
0 |
|a Marei
|c Guillaume Apollinaire ; A. Kroupa
|
| 650 |
0 |
7 |
|a básne ľúbostné
|2 snkbucl
|9 899410
|
| 650 |
0 |
7 |
|a básne o láske
|2 snkbucl
|9 921526
|
| 655 |
|
7 |
|a články z novín a časopisov
|2 snkbucl
|9 267496
|
| 655 |
|
7 |
|a články z odboru literárna veda a krásna literatúra
|2 snkbucl
|9 770045
|
| 700 |
1 |
|
|a Kroupa, A.trl
|4 aut
|9 1209302
|
| 773 |
0 |
|
|t Učiteľské noviny
|g Roč. 32, č. 13 (1. 4. 1982), s. 10
|
| 850 |
|
|
|a Slovenská národná knižnica v Martine
|a MTA001
|
| 852 |
|
|
|a SNK
|b KIS3GCP
|
| 958 |
|
|
|a RK
|
| 958 |
|
|
|a LX
|
| 992 |
|
|
|a RBX
|
| 999 |
|
|
|c 2115521
|d 2117451
|